|
|
|
|
| LEADER |
01577aam a22004098a 4500 |
| 001 |
000018172 |
| 003 |
14599 |
| 005 |
20141201091247.0 |
| 008 |
130913s2013 viesd |
| 020 |
|
|
|d 1530b
|
| 041 |
0 |
|
|a vie
|
| 082 |
|
|
|2 14
|a 605
|b Hôi
|
| 245 |
0 |
0 |
|a Danh mục Hội thảo khoa học cán bộ trẻ các trường Đại học Sư phạm toàn quốc
|b Lần thứ III - Năm 2013
|c Ban biên tập: Nguyễn Bảo Hoàng Thanh, Lưu Trang, Lê Quang Sơn, Trương Phước Minh
|
| 260 |
|
|
|a Đà Nẵng
|b Đà Nẵng
|c 2013
|
| 300 |
|
|
|a 144 tr.
|c 27 cm.
|
| 500 |
|
|
|a ĐS ghi: Bộ giáo dục và đào tạo - Đại học Đà Nẵng - Trường Đại học Sư phạm
|
| 650 |
0 |
4 |
|2 Bộ TK TVQG
|
| 650 |
0 |
4 |
|2 Bộ TK TVQG
|
| 650 |
|
7 |
|2 Bộ TK TVQG
|
| 650 |
|
7 |
|2 Bộ TK TVQG
|
| 650 |
|
7 |
|2 Bộ TK TVQG
|
| 651 |
|
7 |
|2 Bộ TK TVQG
|a Thế giới
|
| 653 |
|
|
|a Hội thảo khoa học
|
| 700 |
|
|
|a Nguyễn Bảo Hoàng Thanh
|e Ban biên tập
|
| 700 |
|
|
|a Lưu Trang
|e Ban biên tập
|
| 700 |
|
|
|a Lê Quang Sơn
|e Ban biên tập
|
| 700 |
|
|
|a Trương Phước Minh
|e Ban biên tập
|
| OWN |
|
|
|a LSP
|
| AVA |
|
|
|a UDN50
|b LSP
|d 605 Hôi
|e available
|t Error 5001 Not defined in file expand_doc_bib_avail.
|f 7
|g 0
|h N
|i 0
|k 1
|
| 999 |
|
|
|a From the UDN01
|
| AVA |
|
|
|a UDN50
|b LSP
|d 605 Hôi
|e available
|t Error 5001 Not defined in file expand_doc_bib_avail.
|f 7
|g 0
|h N
|i 0
|k 1
|
| TYP |
|
|
|a Monograph
|
| TYP |
|
|
|a Printed language
|
| 980 |
|
|
|a Mạng thư viện Đại học Đà Nẵng
|